Dishonoured by history: (Record no. 179243)

MARC details
000 -LEADER
fixed length control field 00656nam a22002057a 4500
005 - DATE AND TIME OF LATEST TRANSACTION
control field 20210603125111.0
010 ## - LCCN (DPL NO)
LC control number B-739959
020 ## - INTERNATIONAL STANDARD BOOK NUMBER
International Standard Book Number 9788125034032
035 ## - SYSTEM CONTROL NUMBER
System control number B-739959
037 ## - SOURCE OF ACQUISITION
Source of stock number/acquisition Gift
082 ## - DEWEY DECIMAL CLASSIFICATION NUMBER
Classification number 909
100 ## - MAIN ENTRY--PERSONAL NAME
Personal name Radhakrishna, Meena
245 ## - TITLE STATEMENT
Title Dishonoured by history:
Remainder of title 'criminal tribes' and British colonial policy /
Statement of responsibility, etc by Meena Radhakrishna
260 ## - PUBLICATION, DISTRIBUTION, ETC. (IMPRINT)
Place of publication, distribution, etc New Delhi
Name of publisher, distributor, etc Orient Blackswan
Date of publication, distribution, etc 2015
270 ## - ADDRESS
Address 1/24, Asaf Ali Road
City New Delhi
Postal code 110002
300 ## - PHYSICAL DESCRIPTION
Extent xvi, 224p.
Dimensions 21cm(pbk)
500 ## - GENERAL NOTE
General note include index
942 ## - ADDED ENTRY ELEMENTS (KOHA)
Source of classification or shelving scheme Dewey Decimal Classification
Item type English Books
Classification part 909
Call number suffix RAD
Holdings
Withdrawn status Lost status Not for loan Collection code Home library Current library Date acquired Source of acquisition Full call number Barcode Copy number Koha item type Public note
      Non-fiction Ashok Vihar Ashok Vihar 03/06/2021 Gift/Eng/03-05-2021 909 RAD B-739959 1 English Books Gift

© Delhi Public Library
Hit Counter
free hit counter